000 00667nam a22002417a 4500
003 UA-OsUOA
001 70136
007 ta
008 20100830b un ||||| |||| 00| 0 ukr d
100 _aПильняк Б.
090 _a821.161.1
_bП32
942 _cBK
040 _aUA-OsUOA
_brus
_cUA-OsUOA
_dUA-OsUOA
245 _aЦелая жизнь: избранная проза
300 _a638 с.
955 _a3
041 _arus
080 _a821.161.1
020 _a5-340-00373-6
260 _aМинск
_bМастацкая літаратура
_c1988
650 7 _a82 Література. Літературознавство
_2UDC
999 _c356410
_d356410